| 000 | 01497nem0a2200337 4500 | ||
|---|---|---|---|
| 001 | RU\NLR\cart\7300 | ||
| 005 | 20250617204830.0 | ||
| 035 | _a(NLR Aleph) 004277405 | ||
| 090 |
_a2329690 _c2329690 |
||
| 100 | _a20120412d2010 |||y0rusy50 ca | ||
| 101 | 0 | _arus | |
| 102 | _aRU | ||
| 120 | _abay xx|| | ||
| 123 | 1 |
_aa _b22 000 |
|
| 200 | 1 |
_aВладивосток автомобильный _bКарты _eПлан города _fСост. и подгот. к изд. ФГУП "ПриморАГП" в 2010 г. _gГл. ред. Ю.В. Попов |
|
| 205 | _a4-е изд. | ||
| 206 | _a1:22 000, 220 м в 1 см | ||
| 210 |
_aВладивосток _cПриморАГП _d2010 |
||
| 215 |
_a1 к. _cцв., ил., указ. _d69х49 см, слож. 23х10 см |
||
| 309 | _aДвусторон. печать | ||
| 327 | 1 | _aДоп. карты: Проектируемые дороги и магистрали. - 1:206 000; Схемы движения автотранспорта на развязках основных магистралей | |
| 509 | 0 | 1 |
_7ca _aВладивосток, _hгород _92633340 _3RU\NLR\auth_crt\55158 |
| 606 | 0 |
_aАвтомобильные дороги _jКарты _92177711 _3RU\NLR\auth_crt\663 |
|
| 606 | 0 |
_aПланы _92177709 _3RU\NLR\auth_crt\662 |
|
| 620 | _aРоссия | ||
| 702 | 1 |
_aПопов _bЮ. В. _4340 |
|
| 801 | 0 |
_aRU _bNLR _c20120412 _gPSBO |
|
| 852 |
_aNLR _bК _j4-План 2/2345 _m10-237 _t10-237а |
||
| 942 | _cMAP | ||
| 980 | _aNB | ||